Les indo-europeens (Record no. 40418)

MARC details
000 -LEADER
campo de control de longitud fija 00479nam a2200157 i 4500
001 - NÚMERO DE CONTROL
campo de control 40418
003 - IDENTIFICADOR DE NÚMERO DE CONTROL
campo de control ES-MaACL
005 - FECHA Y HORA DE LA ÚLTIMA TRANSACCIÓN
campo de control 20230906160221.0
007 - CAMPO FIJO DE DESCRIPCIÓN FÍSICA--INFORMACIÓN GENERAL
campo de control de longitud fija t|
008 - DATOS DE LONGITUD FIJA--INFORMACIÓN GENERAL
campo de control de longitud fija 030306s1921 be ||||1| fre d
100 1# - ENTRADA PRINCIPAL--NOMBRE DE PERSONA
Nombre de persona Carnoy, Albert.
9 (RLIN) 35391
245 14 - MENCIÓN DEL TÍTULO
Título Les indo-europeens
Resto del título : prehistoire des langues des moeurs et des croyances de l'Europe /
Mención de responsabilidad, etc. par Albert Carnoy.
260 ## - PUBLICACIÓN, DISTRIBUCIÓN, ETC.
Lugar de publicación, distribución, etc. Bruxelles :
Nombre del editor, distribuidor, etc. Vromant et Cie.,
Fecha de publicación, distribución, etc. 1921.
300 ## - DESCRIPCIÓN FÍSICA
Extensión 256 p. ;
Dimensiones 19 cm.
852 ## - LOCALIZACIÓN
Ubicación ES-MaACL
Número de control de estantería F-12101
Holdings
Estatus retirado Estado de pérdida Estado de daño No para préstamo Biblioteca de origen Biblioteca actual Ubicación en estantería Fecha de adquisición Fuente de adquisición Total de préstamos Signatura topográfica completa Código de barras Visto por última vez Precio de reemplazo Tipo de ítem Koha
        Biblioteca del Ateneo de Madrid Biblioteca del Ateneo de Madrid Sala Pecera Planta 2 17/01/2008     F-12101 1042550 23/02/2023 23/02/2023 Libro impreso